Media and communication

Detalles Bibliográficos
Formato: Electrónico Revista
Lenguaje:inglés
Publicado: Lisbon, Portugal : Cogitatio Press, 2013-
Materias:
Acceso en línea:Full text available from Research Library: 01/01/2013 to present

MARC

LEADER 00000nas a2200000 i 4500
001 ssj0001366285
003 WaSeSS
005 20200512172242.0
006 m d
007 cr n
008 141022c20139999po fx p s 0 0eng c
010 |a  2015263109 
022 |a 2183-2439  |l 2183-2439 
035 |a (WaSeSS)ssj0001366285 
037 |b Cogitatio Press, Rua Fialho de Almeida 14, 2. Esq., 1070 Lisbon, Protugal 
040 |a WaSeSS  |b eng  |e pn  |c CUD  |d OCLCO  |d CUS  |d TXA  |d U3G  |d DLC  |d OCLCF  |d OCLCO  |d OCLCA  |d UAB  |d OCLCQ  |d WaSeSS 
042 |a pcc 
050 1 4 |a P87  |b .M435 
222 0 |a Media and communication  |b (Lisboa) 
245 0 0 |a Media and communication  |h [electronic resource]. 
260 |a Lisbon, Portugal :  |b Cogitatio Press,  |c 2013- 
310 |a Two issues yearly 
362 1 |a Began with: Volume 1, Issue 1 (2013). 
506 |a License restrictions may limit access. 
588 |a Description based on: Volume 1, Issue 1 (2013); title from pdf cover (cogitatiopress, viewed April 20, 2015). 
588 |a Latest issue consulted: Volume 2, Issue 2 (2014) (viewed Oct. 22, 2014). 
650 0 |a Communication  |v Periodicals. 
650 0 |a Mass media  |v Periodicals. 
650 7 |a Communication.  |2 fast  |0 (OCoLC)fst00869952 
650 7 |a Mass media.  |2 fast  |0 (OCoLC)fst01011219 
655 0 |a Electronic journals. 
856 4 0 |z Full text available from Research Library: 01/01/2013 to present  |u https://search.proquest.com/publication/2034126